000 00505nam a2200169Ia 4500
999 _c26380
_d26380
003 OSt
005 20201222124321.0
008 190216s9999||||xx |||||||||||||| ||und||
040 _coclc
082 _a894.8128
_bPIL/T
100 _aPillai, T G Ramachandran
_97366
245 0 _aTaratamya Sahithya Sameeksha /
_cT G Ramachandran Pillai
260 _bNbs Kottayam,
_aKottayam:
_c1987.
300 _a112p
650 _aPadanam
942 _cBK
_2ddc
_h894.8128
_iPIL/T
_k894.8128
_mPIL/T